| 000 | 00587nam a22001697a 4500 | ||
|---|---|---|---|
| 003 | BD-DhUL | ||
| 005 | 20161010163112.0 | ||
| 008 | 160818b xxu||||| |||| 00| 0 eng d | ||
| 040 |
_cBD-DhUL _aBD-DhUL |
||
| 082 | 0 |
_a297.3216 _bGOI |
|
| 100 | _aগোলাম মোস্তফা | ||
| 245 |
_aইসলাম ও কমিউনিজ / _cগোলাম মোস্তফা |
||
| 260 |
_aঢাকা : _bআহমদ পাবলিশিং হাউজ, _c১৯৬৪ |
||
| 300 |
_a১৭০ পৃ. ; _c২২ সেমি. |
||
| 650 | 1 | _vইসলাম | |
| 942 |
_2ddc _cBK |
||
| 999 |
_c108214 _d108214 |
||